Die 18 größten Fußballstadien Thüringens - Statistiken

Allgemein
  • Dieses Quiz wurde 9 mal gespielt
  • Das Durchschnittsergebnis liegt bei 4 aus 18
Antwortstatistiken
Kapazität Stadion % Korrekt
15.000 ad hoc Arena im Ernst-Abbe-Sportfeld (Jena)
100%
21.000 Steigerwaldstadion (Erfurt-Löbervorstadt)
100%
25.000 Skatbank-Arena (Altenburg/Thüringen)
44%
15.900 Stadion der Freundschaft (Gera)
44%
10.000 Wimaria-Stadion (Weimar)
33%
7.500 Stadion an der Aue (Mühlhausen/Thüringen)
22%
8.088 Albert-Kuntz-Stadion (Nordhausen)
11%
5.260 bluechip-Arena Glaserkuppe (Meuselwitz)
11%
8.000 Sportplatz Lindenberg (Weimar)
11%
5.700 Sportzentrum Am Göldner (Sondershausen)
11%
8.000 Wartburg-Stadion (Eisenach)
11%
10.000 Auestadion (Suhl-Aue 2)
0%
7.000 ETL Freund & Partner - Stadion am Steg (Gera)
0%
6.000 Sportplatz am Dohlenstein (Kahla)
0%
6.000 Sportstadion Sonneberg (Sonneberg/Thüringen)
0%
7.500 Stadion im Salinepark (Artern)
0%
8.000 Waldstadion im Kaffeetälchen (Bad Salzungen-Tiefenort)
0%
6.000 Waldstadion unterer Platz (Zeulenroda-Triebes)
0%
Keine übereinstimmenden Quizze gefunden
Verteilung der Resultate
Anzahl Personen mit jedem Resultat
Perzentil nach korrekt beantworteten Fragen
Ihre Resultats-Entwicklung
Sie haben dieses Quiz noch nicht gespielt